Hell on trial: the case for eternal punishment / (Record no. 73865)

MARC details
000 -LEADER
fixed length control field 01025nam a22002057a 4500
003 - CONTROL NUMBER IDENTIFIER
control field PILC
005 - DATE AND TIME OF LATEST TRANSACTION
control field 20231010091238.0
008 - FIXED-LENGTH DATA ELEMENTS--GENERAL INFORMATION
fixed length control field 231010b |||||||| |||| 00| 0 eng d
010 ## - LIBRARY OF CONGRESS CONTROL NUMBER
LC control number Acc#47674
020 ## - INTERNATIONAL STANDARD BOOK NUMBER
International Standard Book Number 0875523722
040 ## - CATALOGING SOURCE
Transcribing agency Philippine Baptist Theological Seminary
050 ## - LIBRARY OF CONGRESS CALL NUMBER
Classification number BT 836.2
Item number P44 1995
100 ## - MAIN ENTRY--PERSONAL NAME
Personal name Peterson, Robert A.
Relator term author
245 ## - TITLE STATEMENT
Title Hell on trial: the case for eternal punishment /
264 ## - PRODUCTION, PUBLICATION, DISTRIBUTION, MANUFACTURE, AND COPYRIGHT NOTICE
Place of production, publication, distribution, manufacture United States of America :
Name of producer, publisher, distributor, manufacturer P&R Publishing,
Date of production, publication, distribution, manufacture, or copyright notice ©1995.
300 ## - PHYSICAL DESCRIPTION
Extent 258 pages ;
Dimensions 17cm.
501 ## - WITH NOTE
With note Includes index
505 ## - FORMATTED CONTENTS NOTE
Formatted contents note Hell on trial -- the witness of the Old Testament -- the witness of the redeemer according to Mathew -- the witness of the redeemer according to Mark, Luke, and John -- The witness of the Apostles -- The witness of church history - the early church through the reformation -- the witness : universalism -- false witnesses: Annihilationism -- the case for eternal punishment -- other pieces of the puzzle -- what difference does it all make?
942 ## - ADDED ENTRY ELEMENTS (KOHA)
Source of classification or shelving scheme Library of Congress Classification
Koha item type Circulation Books
Holdings
Withdrawn status Lost status Source of classification or shelving scheme Damaged status Not for loan Home library Current library Shelving location Date acquired Source of acquisition Total Checkouts Full call number Barcode Date last seen Price effective from Koha item type
    Library of Congress Classification     PBTS Library PBTS Library Circulation Section 10/09/2023 Gift   BT 836.2 P44 1995 47674 03/17/2026 10/10/2023 Circulation Books

Philippine Baptist Theological Seminary | 19 Tacay Road, Central Guisad, Baguio City 2600, Philippines